00471nam a2200193 a 4500001001300000003000900013005001700022008004100039020001000080082001700090100002000107245001800127260002900145300000800174500003500182505001700217650002300234700002000257nice12345678IN_TiNIC20260116013749.0050524s1999 dela grp 000 0 eng  ac10000a303.623bDAB aDabhi, Ignatius aHills on Fire aDelhibMedia Housec1999 a55p aincludes index and biblioraphy2 aBibliography aRiots-India-Gujrat1 aDabhi, Ignatius